Представление документа в формате RUSMARC

ПолеНазваниеЗначение
  Тип записи a
  Библиографический уровень m
001 Контрольный номер 66803403fb8a4917993d31e79f8e7d8d
005 Дата корректировки 20260515145439.8
010 Индекс ISBN __
a ISBN 978-5-370-05394-8
b Уточнения в пер.
9 Тираж 27000 экз.
d Цена 476-11
100 Данные общей обработки __
a Данные общей обработки 20260507d2024 mady0rusy028902 ca
101 Язык документа 0_
a Язык текста rus
102 Страна публикации __
a Страна публикации RU
105 Кодированные данные (монография) __
a Кодированные данные (монография) a z 000yd
181 Поле кодированных данных: вид содержания _0
a Код вида содержания (ISBD) i
182 Поле кодированных данных: тип средства _0
a Код типа средства (ISBD) n
200 Заглавие и сведения об ответственности 1_
a Заглавие Иван Грозный, Петр I, Иосиф Сталин. Три фигуры русской истории
f Первые сведения об ответственности [редактор-составитель Наталья Лосева]
203 Вид содержания и тип средства __
c Тип средства непосредственный
a Вид содержания Текст
210 Выходные данные 1_
a Место издания Москва
c Издательство Омега-Л
d Дата издания 2024
215 Физическое описание __
a Объем 111 с.
c Иллюстрации/тип воспроизводства портр.
d Формат 27 см
225 Серия 2_
a Серия Великие имена
330 Аннотация __
a Аннотация "Великие имена" — это серия книг, благодаря которым читатель познакомится с биографиями самых ярких и известных деятелей России. Все самое главное о поэтах, писателях, музыкантах, ученых и политиках с мировым именем.
333 Примечание о целевом назначении __
a Примечание о целевом назначении 12+. Для детей старше 12 лет
517 Другие варианты заглавия 1_
a Другие варианты заглавия Защитники земли русской
600 Персоналии _0
a Персоналии (Фамилия) Иван Васильевич
f Даты 1530-1584
2 Код системы nlr_sh
c Дополнение к имени Грозный
d Римские цифры IV
600 Персоналии _0
a Персоналии (Фамилия) Петр Алексеевич
f Даты 1672-1725
2 Код системы nlr_sh
c Дополнение к имени Великий
d Римские цифры I
600 Персоналии _1
2 Код системы nlr_sh
a Персоналии (Фамилия) Сталин
b Персоналии (Имя) И. В.
g Полное имя Иосиф Виссарионович
f Даты 1879-1953
606 Тематические рубрики __
2 Код системы nlr_sh
a Основная рубрика История
606 Тематические рубрики __
2 Код системы nlr_sh
a Основная рубрика История России в целом
y Географическая подрубрика Россия
y Географическая подрубрика Российская империя
y Географическая подрубрика СССР
z Хронологическая подрубрика 16 в.
z Хронологическая подрубрика 17 в.
z Хронологическая подрубрика 18 в.
z Хронологическая подрубрика 20 в.
610 Ключевые слова 0_
a Ключевые слова русские императоры
610 Ключевые слова 0_
a Ключевые слова правители России
610 Ключевые слова 0_
a Ключевые слова русские князья
610 Ключевые слова 0_
a Ключевые слова русские цари
610 Ключевые слова 0_
a Ключевые слова генеральные секретари
610 Ключевые слова 0_
a Ключевые слова революционеры
610 Ключевые слова 0_
a Ключевые слова исторические деятели
610 Ключевые слова 0_
a Ключевые слова историческая литература
610 Ключевые слова 0_
a Ключевые слова биографии
610 Ключевые слова 0_
a Ключевые слова персоналии
686 Индексы других классификаций __
2 Код системы rubbks
a Классификационный индекс 63.3(2)-8; ст63.3(2)-8
702 Вторичная интеллектуальная ответственность _1
a Фамилия Лосева
b Имя Н. В.
g Полное личное имя Наталья Владимировна
4 Код отношения 220
4 Код отношения 340
801 Источник записи _0
b Организация Муниципальное бюджетное учреждение культуры "Централизованная библиотечная система" г. Сургут (Центральная городская библиотека им. А. С. Пушкина)
a Страна RU
c Дата составления 20260507
g Правила каталогизации PSBO
801 Источник записи _1
b Организация Муниципальное бюджетное учреждение культуры "Централизованная библиотечная система" г. Сургут (Центральная городская библиотека им. А. С. Пушкина)
a Страна RU
c Дата составления 20260507
g Правила каталогизации PSBO
852 Данные о местонахождении 5_
i Авторский знак И 18
j Шифр хранения 63.3(2)-8
900 Макрообъекты __
a Макрообъекты Иван Грозный, Петр I, Иосиф Сталин. Три фигуры русской истории, 2024
901 Тип документа __
a Ответственный КиК/Обаева
t Тип документа m
901 Тип документа __
a Ответственный 6 партия
903 Характеристики (МАРС) __
a Дата передачи 20260507
c Наименование библиотеки (МАРС) Муниципальное бюджетное учреждение культуры "Централизованная библиотечная система" г. Сургут (Центральная городская библиотека им. А. С. Пушкина)
990 Данные о заказе (DOS) __
j Количество экземпляров (DOS) 3
t N записи в КСУ для И/У (DOS) 202606